TEXTBOOK OF MEDICINE (Record no. 18673)

MARC details
000 -LEADER
fixed length control field 00440nam a22001697a 4500
003 - CONTROL NUMBER IDENTIFIER
control field OSt
005 - DATE AND TIME OF LATEST TRANSACTION
control field 20211117105220.0
008 - FIXED-LENGTH DATA ELEMENTS--GENERAL INFORMATION
fixed length control field 211117b |||||||| |||| 00| 0 eng d
020 ## - INTERNATIONAL STANDARD BOOK NUMBER
International Standard Book Number 978-81-7473-173-3
040 ## - CATALOGING SOURCE
Original cataloging agency DDC
Transcribing agency HU
082 ## - DEWEY DECIMAL CLASSIFICATION NUMBER
Edition number LATEST RDITION
Classification number 616
Item number 5
100 ## - MAIN ENTRY--PERSONAL NAME
Personal name A.S.M.T. HOSSAIN
9 (RLIN) 18887
245 ## - TITLE STATEMENT
Title TEXTBOOK OF MEDICINE
250 ## - EDITION STATEMENT
Edition statement LATEST EDITION
260 ## - PUBLICATION, DISTRIBUTION, ETC.
Place of publication, distribution, etc. INDIA
Name of publisher, distributor, etc. A.I.T.B.S. PUBLISHERS
Date of publication, distribution, etc. 2002
942 ## - ADDED ENTRY ELEMENTS (KOHA)
Source of classification or shelving scheme Dewey Decimal Classification
Koha item type Books like text book referance book
Suppress in OPAC No
Holdings
Withdrawn status Lost status Source of classification or shelving scheme Damaged status Not for loan Home library Current library Date acquired Total Checkouts Full call number Barcode Date last seen Copy number Price effective from Koha item type
    Dewey Decimal Classification     College of Medicine and Health’s Sciences Library College of Medicine and Health’s Sciences Library 11/17/2021   616-H6-2002 CHMSL00004816 11/17/2021 1 11/17/2021 Books like text book referance book
    Dewey Decimal Classification     College of Medicine and Health’s Sciences Library College of Medicine and Health’s Sciences Library 11/17/2021   616-H6-2002 CHMSL00004817 11/17/2021 2 11/17/2021 Books like text book referance book
    Dewey Decimal Classification     College of Medicine and Health’s Sciences Library College of Medicine and Health’s Sciences Library 11/17/2021   616-H6-2002 CHMSL00004818 11/17/2021 3 11/17/2021 Books like text book referance book
    Dewey Decimal Classification     College of Medicine and Health’s Sciences Library College of Medicine and Health’s Sciences Library 11/17/2021   616-H6-2002 CHMSL00004819 11/17/2021 4 11/17/2021 Books like text book referance book
    Dewey Decimal Classification     College of Medicine and Health’s Sciences Library College of Medicine and Health’s Sciences Library 11/17/2021   616-H6-2002 CHMSL00004820 11/17/2021 5 11/17/2021 Books like text book referance book